| 000 | 00578nam a2200169 4500 | ||
|---|---|---|---|
| 003 | NUST | ||
| 005 | 20220222160342.0 | ||
| 008 | 220222b ||||| |||| 00| 0 eng d | ||
| 038 | _aSAIF | ||
| 082 | _a333.77 COR | ||
| 100 | _4CRC Press | ||
| 245 | _aLand Use-Transport Interaction Models | ||
| 250 | _aFirst Edition | ||
| 260 |
_6CRC Press _bNew York _c2019 |
||
| 563 | _aTransport and the spatial location of population and activities have been important themes of study in engineering, social sciences and urban and regional planning for many decades. | ||
| 942 |
_2ddc _cBK |
||
| 999 |
_c588133 _d588133 |
||